An Interim Evalution of the Performance of Make in India Program in Information Technology Hardware/ (Record no. 213886)

MARC details
000 -LEADER
fixed length control field 00629nam a22001937a 4500
005 - DATE AND TIME OF LATEST TRANSACTION
control field 20251208163841.0
010 ## - LCCN (DPL NO)
LC control number ENG-147268
020 ## - INTERNATIONAL STANDARD BOOK NUMBER
Terms of availability 599.00
International Standard Book Number 9789393734907
035 ## - SYSTEM CONTROL NUMBER
System control number EN-130800
037 ## - SOURCE OF ACQUISITION
Source of stock number/acquisition DBAD
082 ## - DEWEY DECIMAL CLASSIFICATION NUMBER
Classification number 303.4833
Edition number 1
100 ## - MAIN ENTRY--PERSONAL NAME
Personal name Gaur, Ashutosh
245 ## - TITLE STATEMENT
Title An Interim Evalution of the Performance of Make in India Program in Information Technology Hardware/
Statement of responsibility, etc Ashutosh Gaur
250 ## - EDITION STATEMENT
Edition statement 1
260 ## - PUBLICATION, DISTRIBUTION, ETC. (IMPRINT)
Place of publication, distribution, etc Kolkata
Name of publisher, distributor, etc Exceller Books
Date of publication, distribution, etc 2023
270 ## - ADDRESS
Address G1 Dream Apartment, Degree College Road
City Belgharia,Kolkata
300 ## - PHYSICAL DESCRIPTION
Extent 262p.
Dimensions 23cm(pb)
942 ## - ADDED ENTRY ELEMENTS (KOHA)
Source of classification or shelving scheme Dewey Decimal Classification
Item type English Books
Call number suffix GAU
Classification part 303.4833
Holdings
Withdrawn status Lost status Not for loan Collection code Home library Current library Date acquired Source of acquisition Cost, normal purchase price Full call number Barcode Copy number Cost, replacement price Koha item type
    Not For Loan Non-fiction Bawana Bawana 08/12/2025 Delivery of Books Act Division 599.00 GAU 303.4833 EN-130800 1 599.00 English Books

© Delhi Public Library
Hit Counter
free hit counter